000 00723nam a2200205Ia 4500
003 GCL
008 140319s9999 xx 000 0 ara d
020 _a9198322977
040 _aGCL /
_cGCL
082 0 4 _a818.03
_bا د
100 1 _aاحمد ابراهيم الهوارى
245 1 0 _aالدنيا فى باريس /
_cاحمد ابراهيم الهوارى
700 1 _aاحمد زكى باشا
250 _aالاولى
260 _aالقاهرة :
_bعين للدراسات والبحوث الانسانية والاجتماعية ،
_c2007
300 _a227 ص ؛
_c24 سم
650 0 4 _aاحمد زكى باشا ( صحفى )
650 0 4 _aالصحفيون المصريون - تراجم
942 _2ddc
_cBK
999 _c9694
_d9694